Paroles - Je t'aime - Lara Fabian - Statistiques

Statistiques générales
  • Ce quiz a été pris 95 fois
  • Le résultat moyen est 181 sur 238
Statistiques - réponses
Paroles % Correct
Je
100%
Comme
97%
De
97%
T'ai
97%
Un
97%
Fou
95%
T'aime
93%
Cinéma
92%
Une
92%
Star
91%
Soldat
89%
Tu
89%
À
86%
Me
86%
Pas
86%
Ça
84%
Ne
82%
Que
82%
Roi
80%
Suis
80%
Vois
80%
Il
78%
Ce
76%
Se
76%
Homme
74%
Qui
74%
La
70%
Nous
70%
Le
68%
Loup
68%
En
65%
Les
65%
Te
65%
Crier
62%
Dans
61%
D'autres
59%
Existait
59%
Moi
59%
Quitter
59%
Vais
59%
D'accord
58%
Façons
58%
Fille
57%
Peut
57%
Pu
57%
55%
Faire
55%
J'ai
55%
Mes
55%
Quelques
55%
Petite
54%
Tous
54%
Aider
53%
Éclats
53%
Qu'on
53%
Trop
53%
Auraient
51%
Mère
51%
Peut-être
51%
Souvent
51%
Verre
51%
Aurait
50%
Silence
50%
Amer
49%
Décidé
47%
Pardonner
47%
Partager
47%
S'aimer
47%
Erreurs
46%
Est
45%
Réclamait
45%
Mots
42%
Sang
42%
Secrets
42%
Protégeais
41%
Bordais
38%
Presque
38%
Volé
38%
Corps
35%
Gardien
35%
Regardait
35%
Rêves
35%
Cette
34%
Danser
34%
Guerre
34%
Inavoué
34%
Tant
34%
Même
32%
Satan
32%
Ceux
31%
Confié
31%
Dont
31%
Faisaient
31%
Seul
31%
Voulu
31%
Bouts
30%
Deux
30%
Frère
30%
Paix
30%
Pierre
28%
Sourires
28%
Maison
27%
Ouuh
1%
Aucun quiz correspondant
Distribution des résultats
% des personnes avec chaque résultat
Percentile par nombre de réponses
Votre historique - résultats
Vous n’avez pas pris ce quiz